Remediation of contaminated land consultation (Record no. 117115)

MARC details
000 -LEADER
fixed length control field 01109cam a2200217 4500
001 - CONTROL NUMBER
control field WB4011-11
008 - FIXED-LENGTH DATA ELEMENTS--GENERAL INFORMATION
fixed length control field 040318n2004 000 0 eng u
035 ## - SYSTEM CONTROL NUMBER
System control number (Sirsi) u125467
245 ## - TITLE STATEMENT
Title Remediation of contaminated land consultation
260 ## - PUBLICATION, DISTRIBUTION, ETC.
Date of publication, distribution, etc. 2004
490 ## - SERIES STATEMENT
Series statement DEFRA Consultation Paper
Volume/sequential designation 17 March 2004 (1)
520 ## - SUMMARY, ETC.
Summary, etc. DEFRA is consulting on the draft guidance document "Remediation of land affected by contamination - a regulatory summary". The guidance has been developed in response to the Kirby report "Remediation permit - towards a single regeneration licence". The draft guidance aims to improve the understanding of what the different regulatory regimes require in terms of investigative and remedial works. The consultation closes on 16 June 2004. The consultation documents are available at http://www.defra.gov.uk/corporate/consult/land-rem ediation/index.htm.
590 ## - LOCAL NOTE (RLIN)
Local note WB
590 ## - LOCAL NOTE (RLIN)
Local note WB
650 ## - SUBJECT ADDED ENTRY--TOPICAL TERM
Topical term or geographic name entry element REMEDIATION
650 ## - SUBJECT ADDED ENTRY--TOPICAL TERM
Topical term or geographic name entry element CONTAMINATED LAND
650 ## - SUBJECT ADDED ENTRY--TOPICAL TERM
Topical term or geographic name entry element CONSULTATION PAPERS
650 ## - SUBJECT ADDED ENTRY--TOPICAL TERM
Topical term or geographic name entry element REGULATORY FRAMEWORK
690 ## - LOCAL SUBJECT ADDED ENTRY--TOPICAL TERM (OCLC, RLIN)
Topical term or geographic name as entry element ENVIRONMENT-CONTAMINATION
942 ## - ADDED ENTRY ELEMENTS (KOHA)
Suppress in OPAC 0
Holdings
Withdrawn status Lost status Source of classification or shelving scheme Damaged status Not for loan Home library Current library Shelving location Date acquired Total Checkouts Full call number Barcode Date last seen Copy number Price effective from Koha item type
    Dewey Decimal Classification     London London News article 18/03/2004   WB4011-11 125467-1001 06/08/2019 1 06/08/2019 News article